000 01372nam a2200349 a 4500
001 ebr10629460
003 CaPaEBR
006 m u
007 cr cn|||||||||
008 070514s2007 njuad sb 001 0 eng d
010 _z 2007061051
020 _z9780691124377 (hbk. : acid-free paper)
020 _z9781400845934 (e-book)
040 _aCaPaEBR
_cCaPaEBR
035 _a(OCoLC)823170187
050 1 4 _aQA246
_b.H375 2007eb
082 0 4 _a512.7/3
_222
100 1 _aHarman, G.
_q(Glyn),
_d1956-
245 1 0 _aPrime-detecting sieves
_h[electronic resource] /
_cGlyn Harman.
260 _aPrinceton :
_bPrinceton University Press,
_cc2007.
300 _axiv, 362 p. :
_bill.
490 1 _aLondon Mathematical Society monographs series ;
_vv. 33
504 _aIncludes bibliographical references (p. [349]-359) and index.
533 _aElectronic reproduction.
_bPalo Alto, Calif. :
_cebrary,
_d2011.
_nAvailable via World Wide Web.
_nAccess may be limited to ebrary affiliated libraries.
650 0 _aSieves (Mathematics)
650 0 _aNumbers, Prime.
650 0 _aNumber theory.
655 7 _aElectronic books.
_2local
710 2 _aebrary, Inc.
830 0 _aLondon Mathematical Society monographs ;
_vno. 33.
856 4 0 _uhttp://site.ebrary.com/lib/rucke/Doc?id=10629460
_zAn electronic book accessible through the World Wide Web; click to view
999 _c72747
_d72747